| 000 | 00351nam a2200133Ia 4500 | ||
|---|---|---|---|
| 008 | 210210b1971 xxu||||| |||| 00| 0 eng d | ||
| 082 | _a370.19 SHOS | ||
| 100 | _aSHOSTAK (Arthur B). | ||
| 245 | _aSociology and student life: toward a new campus. | ||
| 260 |
_aNY _bDavid mckay company _c1971 |
||
| 300 | _a396 | ||
| 690 | _aEducation | ||
| 906 | _a041034 | ||
| 999 |
_c91130 _d91130 |
||